Information Theory, Inference, and Learning Algorithms / (Record no. 17106)
[ view plain ]
| 000 -LEADER | |
|---|---|
| fixed length control field | 00689cam a22002054a 4500 |
| 001 - CONTROL NUMBER | |
| control field | 13217055 |
| 005 - DATE AND TIME OF LATEST TRANSACTION | |
| control field | 20121126123018.0 |
| 008 - FIXED-LENGTH DATA ELEMENTS--GENERAL INFORMATION | |
| fixed length control field | 030529s2003 enka b 001 0 eng |
| 020 ## - INTERNATIONAL STANDARD BOOK NUMBER | |
| International Standard Book Number | 9780521642989 |
| 020 ## - INTERNATIONAL STANDARD BOOK NUMBER | |
| International Standard Book Number | 0521642981 |
| 082 00 - DEWEY DECIMAL CLASSIFICATION NUMBER | |
| Classification number | 621.38412 |
| Edition number | 21 |
| Item number | MAC |
| 100 1# - MAIN ENTRY--PERSONAL NAME | |
| Personal name | MacKay, David J. C. |
| 9 (RLIN) | 31461 |
| 245 10 - TITLE STATEMENT | |
| Title | Information Theory, Inference, and Learning Algorithms / |
| Statement of responsibility, etc | David J.C. MacKay. |
| 260 ## - PUBLICATION, DISTRIBUTION, ETC. (IMPRINT) | |
| Place of publication, distribution, etc | Cambridge, UK ; |
| -- | New York : |
| Name of publisher, distributor, etc | Cambridge University Press, |
| Date of publication, distribution, etc | 2003. |
| 300 ## - PHYSICAL DESCRIPTION | |
| Extent | xii, 628 p. : |
| Other physical details | ill. ; |
| Dimensions | 26 cm. |
| 504 ## - BIBLIOGRAPHY, ETC. NOTE | |
| Bibliography, etc | Includes bibliographical references (p. 613-619) and index. |
| 650 #0 - SUBJECT ADDED ENTRY--TOPICAL TERM | |
| Topical term or geographic name as entry element | Information theory. |
| 9 (RLIN) | 31462 |
| 653 ## - INDEX TERM--UNCONTROLLED | |
| Resource For college | |
| Arrived date list | November2012 |
| 942 ## - ADDED ENTRY ELEMENTS (KOHA) | |
| Source of classification or shelving scheme | Dewey Decimal Classification |
| Item type | Book - Borrowing |
| Withdrawn status | Item status | Source of classification or shelving scheme | Damaged status | Not for loan | Vendor | Home library | Current library | Shelving location | Date acquired | Source of acquisition | Cost, normal purchase price | Serial Enumeration / chronology | Total Checkouts | Total Renewals | Full call number | Barcode | Date last seen | Date last borrowed | Koha item type |
|---|---|---|---|---|---|---|---|---|---|---|---|---|---|---|---|---|---|---|---|
| Dewey Decimal Classification | Baccah | Central Library | Central Library | First floor | 26/11/2012 | 390.00 | 16429 | 2 | 4 | 621.38412 MAC | 000027832 | 15/07/2025 | 14/10/2021 | Book - Borrowing |